Odporúčanie značiek k zdrojom v digitálnej knižnici

Salvato in:
Dettagli Bibliografici
Autore principale: Špánik, Igor (Autore)
Altri autori: Móro, Róbert (Relatore della tesi)
Natura: Manoscritto Libro
Lingua:slovacco
Pubblicazione: 2015
Soggetti:
Accesso online:http://is.stuba.sk/zp/portal_zp.pl?podrobnosti=87969
Tags: Aggiungi Tag
Nessun Tag, puoi essere il primo ad aggiungerne!!

MARC

LEADER 00000ntm a22000003a 4500
001 stuzp53575
003 SK-STU
005 20160719154519.2
007 ta
008 150427s2015----xo-----f-mn---000-0-slo-d
040 |a STU  |b slo 
041 0 |a slo 
044 |a xo 
100 1 |a Špánik, Igor  |u 070200  |4 aut  |U FIIT Fakulta informatiky a informačných technológií  |T FIIT Ústav informatiky a softvérového inžinierstva  |X 46169  |U I200  |Y 179  |7 46169 
242 0 1 |a Tag Recommendation for Resources in Digital Library  |y eng 
245 1 0 |a Odporúčanie značiek k zdrojom v digitálnej knižnici 
260 |c 2015 
300 |a 44 s.  |e CD-ROM 
650 4 |a značky  |2 slo 
650 4 |a odporúčacie systémy  |2 slo 
650 4 |a odporúčanie značiek  |2 slo 
650 4 |a digitálne knižnice  |2 slo 
650 4 |a tags  |2 eng 
650 4 |a recommender systems  |2 eng 
650 4 |a tag recommendation  |2 eng 
650 4 |a digital libraries  |2 eng 
700 1 |a Móro, Róbert  |4 ths  |X 47879  |7 47879 
856 4 |u http://is.stuba.sk/zp/portal_zp.pl?podrobnosti=87969 
996 |b 284IB00154  |c I* BAP137/15  |l II680  |s P  |a 0  |w stuzp53575_0001 
SQL |a stuzp53575  |b DBP  |c SLO  |d Odporúčanie značiek k zdrojom v digitálnej knižnici  |e 46169  |f Špánik, Igor  |g 070200  |h 47879  |i Móro, Róbert  |j 20150617  |k 202  |l 07  |m http://is.stuba.sk/zp/portal_zp.pl?podrobnosti=87969  |n B-INFO  |o 9.2.1. informatika